| 000 | 00972nam a2200313 i 4500 | ||
|---|---|---|---|
| 001 | 013069998 | ||
| 003 | EG-ScBUE | ||
| 005 | 20230515110539.0 | ||
| 008 | 041102r20051995enka f 001 0 eng d | ||
| 020 | _a1844033716 (pbk.) | ||
| 040 |
_aStDuBDS _beng _erda _dUk _cEG-ScBUE |
||
| 082 | 0 | 4 |
_a729 _222 _bGIB |
| 100 | 1 | 0 |
_aGibbs, Jenny, _eauthor. |
| 245 | 1 | 2 |
_aA handbook for interior designers / _cJenny Gibbs. |
| 250 | _aReprint edition. | ||
| 264 | 1 |
_aLondon : _bCassell Illustrated, _c[2005] |
|
| 264 | 4 | _cc2005 | |
| 300 |
_a112 pages : _billustrations (some color) ; _c26 cm |
||
| 336 |
_atext _2rdacontent _btxt |
||
| 337 |
_aunmediated _2rdamedia _bn |
||
| 338 |
_avolume _2rdacarrier _bnc |
||
| 500 | _aOriginally published: [Great Britain] : Ward Lock, 1995. | ||
| 500 | _aIncludes index. | ||
| 650 | 7 |
_aInterior decoration. _2BUEsh |
|
| 653 |
_bART _cMay2023 |
||
| 655 | _vReading book | ||
| 942 |
_2ddc _cBB |
||
| 999 |
_c30376 _d30347 |
||